000 01560nam a22003971i 4500
003 OSt
005 20230108104444.0
008 211206s2020 -uka jr 000 1 eng d
020 _a9781782264217
_cRM 42.60
_qpaperback
040 _aPPAK
_beng
_cPPAK
_erda
082 0 4 _a823.92
_223
090 0 0 _a823.92
_bDOY
_dK
100 1 _aDoyle, Arthur Conan,
_d1859-1930.
_eauthor
245 1 4 _aTHE COPPER BEECHES /
_cSIR ARTHUR CONAN DOYLE ; adapted by Stephanie Baudet ; illustrated by Arianna Bellucci.
250 _a2020 edition.
264 1 _aLeicester, United Kingdom :
_bSweet Cherry Publishing,
_c2020.
300 _a110 pages :
_billustrations ;
_c20 cm.
336 _atext
_2rdacontent
336 _astill image
_2rdacontent
337 _aunmediated
_2rdamedia
338 _avolume
_2rdacarrier
490 1 _aSherlock Holmes children's collection
502 _a"Includes free audiobook! QR code inside."--Cover.
520 _aAn adapted and illustrated edition of Sir Arthur Conan Doyle's classic mystery!
521 _a7-10 years old.
600 1 _aHolmes, Sherlock
_vJuvenile fiction.
600 1 _aWatson, John H.
_c(Fictitious character)
_vJuvenile fiction.
650 0 _aChildren's stories
655 7 _aDetective and mystery stories
655 7 _aChildren's stories
700 1 _aBaudet, Stephanie,
_eauthor
700 1 _aBellucci, Arianna,
_c(Illustrator),
_eillustrator.
830 0 _aSherlock Holmes children's collection
856 4 0 _uwww.sweetcherrypublishing.net/Audiobooks/SherlockHolmes/9781782264217
942 _2ddc
_cB
999 _c186387
_d186387